Karnataka agricultural produce marketing act 1966 at rules 1968 (Record no. 174502)
[ view plain ]
| 000 -LEADER | |
|---|---|
| fixed length control field | 00558nam a2200181Ia 4500 |
| 003 - CONTROL NUMBER IDENTIFIER | |
| control field | OSt |
| 005 - DATE AND TIME OF LATEST TRANSACTION | |
| control field | 20230614102607.0 |
| 008 - FIXED-LENGTH DATA ELEMENTS--GENERAL INFORMATION | |
| fixed length control field | 210423s1968 xx 000 0 und d |
| 040 ## - CATALOGING SOURCE | |
| Transcribing agency | AL |
| 082 ## - DEWEY DECIMAL CLASSIFICATION NUMBER | |
| Classification number | 340 |
| Edition number | 23 |
| Item number | GOVK |
| 245 ## - TITLE STATEMENT | |
| Title | Karnataka agricultural produce marketing act 1966 at rules 1968 |
| 260 ## - PUBLICATION, DISTRIBUTION, ETC. | |
| Place of publication, distribution, etc. | Karnataka |
| Name of publisher, distributor, etc. | Government Of Karnataka |
| Date of publication, distribution, etc. | 1968 |
| 300 ## - PHYSICAL DESCRIPTION | |
| Extent | vii,248 |
| Other physical details | PB |
| 650 ## - SUBJECT ADDED ENTRY--TOPICAL TERM | |
| Topical term or geographic name entry element | Law |
| 9 (RLIN) | 116684 |
| 650 ## - SUBJECT ADDED ENTRY--TOPICAL TERM | |
| Topical term or geographic name entry element | Social Sciences |
| 9 (RLIN) | 116685 |
| 906 ## - LOCAL DATA ELEMENT F, LDF (RLIN) | |
| a | 1966 ; 1968 ; act ; agricultural ; at ; Karnataka ; marketing ; produce ; rules |
| 942 ## - ADDED ENTRY ELEMENTS (KOHA) | |
| Source of classification or shelving scheme | Dewey Decimal Classification |
| Koha item type | Book |
| Withdrawn status | Lost status | Damaged status | Not for loan | Collection code | Home library | Current library | Date acquired | Total Checkouts | Full call number | Barcode | Date last seen | Price effective from | Koha item type |
|---|---|---|---|---|---|---|---|---|---|---|---|---|---|
| MSW | St Aloysius PG Library | St Aloysius PG Library | 11/24/2006 | 340 GOVK | PG021185 | 08/24/2022 | 04/26/2021 | Book | |||||
| MSW | St Aloysius PG Library | St Aloysius PG Library | 11/24/2006 | 340 GOVK | PG021186 | 08/24/2022 | 04/26/2021 | Book |